عرض عادي
عرض مارك
مدخل Personal Name
001 - CONTROL NUMBER
- control field: 10542
003 - CONTROL NUMBER IDENTIFIER
- control field: DLC
005 - DATE AND TIME OF LATEST TRANSACTION
- control field: 20260118142635.0
008 - FIXED-LENGTH DATA ELEMENTS
- fixed length control field: 050629n| acannaabn |b aaa
010 ## - LIBRARY OF CONGRESS CONTROL NUMBER
- LC control number: n 2005201122
035 ## - SYSTEM CONTROL NUMBER
- System control number: (OCoLC)oca06669991
040 ## - CATALOGING SOURCE
- Original cataloging agency: DLC
- Language of cataloging: eng
- Transcribing agency: DLC
- Modifying agency: PU-ME
- Modifying agency: OCoLC
100 1# - HEADING--PERSONAL NAME
- Personal name: المزينى، حمزة قبلان
400 1# - SEE FROM TRACING--PERSONAL NAME
- Personal name: Muzaynī, Ḥamzah ibn Qablān
400 1# - SEE FROM TRACING--PERSONAL NAME
- Personal name: حمزة بن قبلان المزيني
400 1# - SEE FROM TRACING--PERSONAL NAME
- Personal name: مزيني، حمزة بن قبلان
500 ## - SEE ALSO FROM TRACING--PERSONAL NAME
- Personal name: Mazīnī, Ḥamzah ibn Qablān
670 ## - SOURCE DATA FOUND
- Source citation: al-Taḥayyuz al-lughawī wa-qaḍāyā ukhrá, 2004:
- Information found: t.p. (D. Ḥamzah ibn Qablān al-Mazīnī)
670 ## - SOURCE DATA FOUND
- Source citation: Murājaʻāt lisānīyah, 2000:
- Information found: v.1, t.p. (U. D. Ḥamzah ibn Qablān al-Mazīnī, Jām. al-Malik Saʻūd, al-Riyāḍ) v.1, p. 4 of cover (b. Medina)
905 ## - cataloger
- cataloger: Auth_BKS